000
00273nam a22001097a 4500
082
_a
669.14 BAS
100
_a
BASHFORTH,G.REGINALD
_9
52091
245
_a
THE MANUFACTURE OF IRONA ND STEEL VOLUME-II
260
_a
LONDON
_b
CHAPMAN & HALL
_c
1960
300
_a
390P
942
_c
BK
999
_c
568386
_d
568386